States of India in 1951 - Statistics

General Stats
  • This quiz has been taken 76 times
  • The average score is 17 of 29
Answers on the Map
Answers color-coded by a green-red scale on the quiz's map according to % correct below.
 
Answer Stats
Answer % Correct
West Bengal
96%
Jammu and Kashmir
87%
Uttar Pradesh
85%
Bombay
83%
Rajasthan
83%
Assam
79%
Orissa
79%
Punjab
79%
Punjab
79%
Delhi
74%
Bihar
72%
Hyderabad
68%
Madras
66%
Tripura
66%
Madhya Pradesh
62%
Manipur
62%
Mysore
57%
Himachal Pradesh
53%
Travancore-Cochin
53%
Andaman and Nicobar Islands
51%
Kutch
43%
Vindhya Pradesh
36%
Bhopal
34%
Patiala and East Punjab States Union
34%
Saurashtra
32%
Ajmer
30%
Coorg
30%
Madhya Bharat
23%
Bilaspur
15%
No matching quizzes found
Score Distribution
Percent of People with Each Score
Percentile by Number Answered
Your Score History
You have not taken this quiz